El zorro de arriba y el zorro de abajo

Na minha lista:
Detalhes bibliográficos
Autor principal: Arguedas, José María
Formato: Livro
Idioma:Undetermined
Publicado em: París, Francia ALLCA XX 1996
Edição:2
Assuntos:
Tags: Adicionar Tag
Sem tags, seja o primeiro a adicionar uma tag!

MARC

LEADER 00000nam a2200000Ia 4500
008 170316s9999 xx 000 0 und d
040 |a cru BVZT 
090 |a AR 35 
100 |a Arguedas, José María 
245 |a El zorro de arriba y el zorro de abajo 
250 |a 2 
260 |a París, Francia 
260 |b ALLCA XX 
260 |c 1996 
300 |a 465 páginas 
650 |a COLECCIÓN ARCHIVOS 
650 |a LITERATURA LATINOAMERICANA 
942 |c SALA 
999 |c 12657  |d 12657